[Event "40th Bosna Open"]
[Site "Sarajevo BIH"]
[Date "2010.05.10"]
[Round "6"]
[White "Krivoborodov,E"]
[Black "Stefansson,H"]
[Result "1/2-1/2"]
[WhiteElo "2490"]
[BlackElo "2588"]

1.e4 c5 2.Nf3 e6 3.d4 cxd4 4.Nxd4 Nc6 5.Nc3 Qc7 6.Be3 a6 7.Bd3 Nf6 8.O-O Nxd4
9.Bxd4 Bc5 10.Be2 d6 11.Bxc5 Qxc5 12.Qd3 O-O 13.Rfd1 Rd8 14.Qd4 Qxd4 15.Rxd4 Ne8
16.Na4 b5 17.Nb6 Rb8 18.Nxc8 Rdxc8 19.c3 Rc6 20.Rb4 Rcb6 21.a4 Nc7 22.axb5 Nxb5
23.Rba4 Nc7 24.b4 Rc6 25.R1a3 Kf8 26.f3 Nb5 27.Bxb5 axb5 28.Ra6 Rxa6 29.Rxa6 Ke7
30.Ra7+ Kf6 31.Kf2 Rc8 32.Ra3 d5 33.Ke3 Rc4 34.Kd3 d4 35.cxd4 Rxb4 36.Kc3 Rc4+
37.Kd3 Rb4 38.Kc3 Rc4+  1/2-1/2

[Event "VIII World's Youth Stars"]
[Site "Kirishi RUS"]
[Date "2010.05.11"]
[Round "3"]
[White "Bukavshin,I"]
[Black "Ganichev,Alex"]
[Result "1-0"]
[WhiteElo "2435"]
[BlackElo "2126"]

1.e4 c5 2.Nf3 e6 3.d4 cxd4 4.Nxd4 Nc6 5.Nc3 d6 6.g4 a6 7.Be3 Nge7 8.Nb3 b5
9.f4 Bb7 10.Qe2 Qc7 11.O-O-O Nc8 12.Qf2 Na5 13.Nxa5 Qxa5 14.a3 b4 15.axb4 Qxb4
16.Rd4 Qa5 17.Ra4 Qc7 18.g5 Be7 19.Rg1 O-O 20.f5 Re8 21.Bc4 Bf8 22.Rf1 Qd7
23.Ra5 g6 24.fxg6 fxg6 25.Nd5 Bxd5 26.exd5 e5 27.Bb5 axb5 28.Rxa8 Bg7 29.Qe2 Qb7
30.Ra5 Qxd5 31.Qxb5 Qxb5 32.Rxb5 Ne7 33.c4 Rc8 34.b3 Nf5 35.Ba7 Rc6 36.Rb6 Rc7
37.Rb8+ Kf7 38.Bb6 Rc6 39.Rb7+ Ke6 40.Kd2 h6 41.h4 hxg5 42.hxg5 Bf8 43.Be3 Ra6
44.Ra7 Rxa7 45.Bxa7 Be7 46.Be3 d5 47.cxd5+ Kxd5 48.Bf2 Bxg5+ 49.Ke2 Nd4+
50.Bxd4 Kxd4 51.Rb1 Kc5 52.Rg1 Be7 53.Rxg6 Kb4 54.Rg3 Bc5 55.Kd2 e4 56.Kc2 e3
57.Rg4+ Kb5 58.Re4 Ka5 59.Kc3 Kb5 60.Re5 Kc6 61.Kc4 Bb6 62.Re6+ Kc7 63.Kb5 Bd4
64.Re4 Bb6 65.b4 Ba7 66.Re7+ Kb8 67.Kc6 Bd4 68.b5  1-0

[Event "ch-Commonwealth"]
[Site "Delhi IND"]
[Date "2010.05.12"]
[Round "4"]
[White "Karma,P"]
[Black "Pogorelov,R"]
[Result "1-0"]
[WhiteElo "2134"]
[BlackElo "2454"]

1.e4 c5 2.Nf3 e6 3.d4 cxd4 4.Nxd4 Nc6 5.Nc3 Qc7 6.f4 a6 7.Nxc6 Qxc6 8.Bd3 b5
9.Qe2 Bb7 10.a3 Rc8 11.Bd2 Qc7 12.O-O Bc5+ 13.Kh1 Ne7 14.f5 O-O 15.f6 gxf6
16.Rxf6 Ng6 17.Qg4 Bd4 18.Rf3 Bg7 19.Rh3 f6 20.Rf1 Rf7 21.Qh5 Nf8 22.Ne2 Qe5
23.Qg4 Qxb2 24.Ng3 Rxc2 25.Bxc2 Qxc2 26.Qe2 d5 27.Rc1 Qb2 28.exd5 Bxd5 29.Nh5 Bc4
30.Qe1 Ng6 31.Rhc3 Rd7 32.R1c2 Rxd2 33.Qxd2 Qb1+ 34.Rc1 Qf5 35.Qd8+ Nf8 36.Nxg7 Kxg7
37.Qe7+ Kg8 38.Rf3 Qd5 39.Rxf6 Ng6 40.Qf7+ Kh8 41.Rff1 e5 42.Qf6+ Kg8 43.Rfd1 Qf7
44.Rd8+ Nf8 45.Qxe5 h6 46.Qd6 Kg7 47.Re1 Qf5 48.Qe7+ Kg8 49.h3 Bd5 50.Rxd5 Qxd5
51.Rf1 Nh7 52.Rf3 Qc4 53.h4 Qg4 54.Qe8+ Kg7 55.Rf7+ Kg6 56.Rf4+  1-0

[Event "ch-Commonwealth"]
[Site "Delhi IND"]
[Date "2010.05.12"]
[Round "4"]
[White "Khusnutdinov,R"]
[Black "Vaibhav,S"]
[Result "1-0"]
[WhiteElo "2525"]
[BlackElo "2347"]

1.e4 c5 2.Nf3 e6 3.d4 cxd4 4.Nxd4 Nc6 5.Nc3 Qc7 6.g3 a6 7.Bg2 d6 8.O-O Bd7
9.Re1 Be7 10.Nxc6 Bxc6 11.Qg4 h5 12.Qe2 h4 13.a4 hxg3 14.hxg3 Kf8 15.a5 Nf6
16.Be3 g6 17.Bb6 Qc8 18.Rad1 Kg7 19.Nd5 exd5 20.exd5 Nxd5 21.Bxd5 Bf6 22.c3 Bxd5
23.Rxd5 Qh3 24.Qf3 Qh2+ 25.Kf1 Qh1+ 26.Qxh1 Rxh1+ 27.Ke2 Re8+ 28.Be3 Rxe1+
29.Kxe1 Re5 30.Rxd6 Bg5 31.Rd7 Bxe3 32.fxe3 Rxe3+ 33.Kf2 Re5 34.Rxb7 Rxa5
35.Ke3 Kf6 36.c4 Ke6 37.Kd4 g5 38.g4 Ra1 39.Rb6+ Kd7 40.b4 a5 41.b5 Rg1 42.Kd5 Rxg4
43.Rb7+ Kc8 44.Rxf7 a4 45.Ra7 Rf4 46.Rxa4 g4 47.Ra8+ Kb7 48.Rg8 Kb6 49.Rg6+ Kc7
50.Kc5 Rf5+ 51.Kb4 Rf4 52.b6+ Kb7 53.Kb5 Rf1 54.Rg7+  1-0

[Event "46th Capablanca Memorial Open A"]
[Site "Havana CUB"]
[Date "2010.05.13"]
[Round "3.18"]
[White "Martinez Reyes,P"]
[Black "Leyva Rivera,Y"]
[Result "0-1"]
[WhiteElo "2198"]
[BlackElo "2382"]

1.e4 c5 2.Nf3 e6 3.d4 cxd4 4.Nxd4 Nc6 5.Nc3 Qc7 6.Be2 a6 7.O-O Nf6 8.Be3 Be7
9.f4 d6 10.a4 O-O 11.Kh1 Re8 12.a5 Nd7 13.Nb3 Nc5 14.Nd2 b5 15.axb6 Qxb6
16.Na4 Qc7 17.Nxc5 dxc5 18.c3 Bb7 19.Nc4 Red8 20.Qc2 Rac8 21.Rfd1 h6 22.Rxd8+ Rxd8
23.Bf3 Nb8 24.Rd1 Nd7 25.Qa4 Nf6 26.Rxd8+ Qxd8 27.e5 Bxf3 28.exf6 Qd3 29.Kg1 Qg6
30.g3 Qb1+ 31.Kf2 Qh1  0-1

[Event "ch-Commonwealth"]
[Site "Delhi IND"]
[Date "2010.05.14"]
[Round "7"]
[White "Kravtsiv,M"]
[Black "Kovalyov,A"]
[Result "1-0"]
[WhiteElo "2546"]
[BlackElo "2615"]

1.e4 c5 2.Nf3 e6 3.d4 cxd4 4.Nxd4 Nc6 5.Nc3 a6 6.Nxc6 bxc6 7.Bd3 Qc7 8.O-O Nf6
9.Qe2 Bd6 10.f4 e5 11.Kh1 h6 12.Na4 O-O 13.c4 exf4 14.c5 Be5 15.Nb6 Ra7 16.Nc4 Rb7
17.Nxe5 Qxe5 18.Bxf4 Qxc5 19.e5 Nd5 20.Bxh6 Qd4 21.Rad1 Qh4 22.Bc1 Rb4 23.a3 Rd4
24.Rf3 Re8 25.Rh3 Nf4 26.Rxh4 Nxe2 27.Bh7+ Kf8 28.Rhxd4 Nxd4 29.Rxd4 Rxe5
30.Re4 Rh5 31.Bf4 g6 32.g4 Rxh7 33.Bd6+ Kg7 34.Re8 Rh4 35.g5  1-0

[Event "DPMM"]
[Site "Halle GER"]
[Date "2010.05.14"]
[Round "1"]
[White "Polzin,R"]
[Black "Movsesian,S"]
[Result "0-1"]
[WhiteElo "2492"]
[BlackElo "2717"]

1.e4 c5 2.Nf3 e6 3.d4 cxd4 4.Nxd4 Nc6 5.Nc3 Qc7 6.Be2 a6 7.O-O b5 8.Nxc6 dxc6
9.f4 Bb7 10.Be3 Be7 11.e5 Rd8 12.Bd3 c5 13.Qe2 Nh6 14.Be4 O-O 15.Bxb7 Qxb7
16.Bf2 Nf5 17.Rad1 Nd4 18.Bxd4 Rxd4 19.Rxd4 cxd4 20.Ne4 Rc8 21.Qd3 Qc7 22.Rf2 Qa5
23.h3 Qxa2 24.Qxd4 Rxc2 25.Qa7 Qb1+ 26.Kh2 Rxf2 27.Nxf2 Bf8 28.Qd4 Qc1 29.Nd3 Qd2
30.b4 Bxb4 31.Qxb4 Qxd3 32.Qe7 h6 33.Qe8+ Kh7 34.Qxf7 Qf5  0-1

[Event "40th Bosna Open"]
[Site "Sarajevo BIH"]
[Date "2010.05.14"]
[Round "10"]
[White "Predojevic,B"]
[Black "Stefansson,H"]
[Result "1-0"]
[WhiteElo "2628"]
[BlackElo "2588"]

1.e4 c5 2.Nf3 e6 3.d4 cxd4 4.Nxd4 Nc6 5.Nc3 Qc7 6.Be2 a6 7.O-O Nf6 8.Be3 Be7
9.f4 d6 10.Kh1 O-O 11.a4 Re8 12.Bf3 Bf8 13.Qd2 Rb8 14.Qf2 e5 15.Nde2 b5 16.axb5 axb5
17.f5 Nb4 18.Bg5 Qb6 19.Bxf6 Qxf2 20.Rxf2 gxf6 21.Ng3 Be7 22.Nh5 Kf8 23.Rd2 Rb6
24.Nd1 d5 25.c3 dxe4 26.Bxe4 Na6 27.b4 Rd8 28.Rxd8+ Bxd8 29.Ne3 Rd6 30.g4 Nc7
31.Rd1 Rxd1+ 32.Nxd1 Bd7 33.Kg2 Ne8 34.Ne3 Ng7 35.Ng3 Ne8 36.Kf3 Nc7 37.Bb7 Be7
38.Ne4 Ke8 39.h4 Kd8 40.h5 h6 41.Nd2 Ne8 42.Bd5 Nd6 43.Ne4 Nxe4 44.Kxe4 Kc7
45.Bxf7 Bc6+ 46.Bd5 Be8 47.Ng2 Kd6 48.Nh4 Bf8 49.Nf3 Be7 50.Nd2 Kc7 51.Nb3 Kd6
52.Nc5 Bf8 53.Ne6 Be7 54.Ba8 Bd7 55.Bb7 Be8 56.Kd3 Bd7 57.Nc5 Be8 58.Ne4+ Kc7
59.Bd5 Bd7 60.Kc2 Kb6 61.Kb3 Bc8 62.Kb2 Bd7 63.Kc2 Bc8 64.Kd3 Bd7 65.Ke3 Kc7
66.Kd2 Kb6 67.Ke2 Be8 68.Ke3 Bd7 69.g5 fxg5 70.f6 Bf8 71.Nc5 Kc7 72.Ke4 Bh3
73.Kxe5 Bd6+ 74.Kd4 Bf5 75.Be4 Bg4 76.Kd5 Bc8 77.Ne6+ Kd7 78.Nc5+ Kc7 79.Ne6+ Kd7
80.Nxg5 Bb7+ 81.Kd4 Ba6 82.Bf5+  1-0

[Event "ch-Commonwealth"]
[Site "Delhi IND"]
[Date "2010.05.15"]
[Round "8"]
[White "Ramnath,B"]
[Black "Khusnutdinov,R"]
[Result "1-0"]
[WhiteElo "2350"]
[BlackElo "2525"]

1.e4 c5 2.Nf3 e6 3.d4 cxd4 4.Nxd4 Nc6 5.Nc3 Qc7 6.Be2 Nf6 7.Be3 Be7 8.O-O O-O
9.f4 d6 10.Kh1 Nxd4 11.Bxd4 e5 12.Be3 b6 13.a4 Bb7 14.Nd5 Bxd5 15.exd5 Nd7
16.Bb5 exf4 17.Bxf4 Ne5 18.Ra3 Rac8 19.Rc3 Qb8 20.Rh3 g6 21.Ba6 Rcd8 22.Qd2 h5
23.Be2 Qc8 24.Bxh5 gxh5 25.Bxe5 dxe5 26.Rg3+ Kh7 27.Qe2 Kh6 28.Qe3+  1-0

[Event "ch-Commonwealth"]
[Site "Delhi IND"]
[Date "2010.05.15"]
[Round "8"]
[White "Vaibhav,S"]
[Black "Kunte,A"]
[Result "0-1"]
[WhiteElo "2347"]
[BlackElo "2523"]

1.e4 c5 2.Nf3 e6 3.d4 cxd4 4.Nxd4 Nc6 5.Nc3 Qc7 6.Be2 a6 7.O-O Nf6 8.Be3 d6
9.a4 Be7 10.f4 O-O 11.Kh1 Re8 12.Qd2 Bd7 13.Nb3 b6 14.Bf3 Rab8 15.g4 Bc8
16.g5 Nd7 17.Bg2 Na5 18.Qf2 Nc4 19.Bc1 Bb7 20.Nd4 Bf8 21.b3 Na5 22.Bb2 Nc6
23.Nce2 Nxd4 24.Nxd4 g6 25.Rae1 Nc5 26.Re3 e5 27.Ne2 exf4 28.Qxf4 Ne6 29.Qh4 Bg7
30.Bxg7 Kxg7 31.Nc3 Nf8 32.Rd3 Rbd8 33.Qf2 Re5 34.h4 Kg8 35.Rfd1 Rc5 36.Rf1 Re8
37.Qd2 Nd7 38.Rxd6 Ne5 39.Nd1 Rxc2 40.Qd4 Ng4 41.Rf4 Rc6 42.Rxf7 Qxf7 43.Rd7 Qf8
44.e5 Nxe5 45.Rxb7 Rd6 46.Bd5+ Kh8 47.Ne3 Rxd5 48.Nxd5 Qf1+ 49.Kh2 Qe2+ 50.Kg3 Qf3+
51.Kh2 Qe2+ 52.Kg3 Rd8 53.Nf6 Qf3+ 54.Kh2 Ng4+ 55.Kg1 Qg3+ 56.Kf1 Nh2+ 57.Ke2 Qf3+
58.Ke1 Qf1+ 59.Kd2 Rxd4+ 60.Kc3 Qf3+  0-1

[Event "46th Capablanca Memorial Open A"]
[Site "Havana CUB"]
[Date "2010.05.15"]
[Round "5.16"]
[White "Yanes Canizares,A"]
[Black "Borges Mateos,J"]
[Result "0-1"]
[WhiteElo "2330"]
[BlackElo "2451"]

1.e4 e6 2.d4 c5 3.Nf3 cxd4 4.Nxd4 Nc6 5.Nc3 Qc7 6.Nxc6 bxc6 7.Bd3 Nf6 8.O-O Be7
9.f4 d5 10.Be3 O-O 11.e5 Nd7 12.Bxh7+ Kxh7 13.Qh5+ Kg8 14.Rf3 f6 15.Rh3 fxe5
16.Qh7+ Kf7 17.Qh5+ Kg8 18.Qh7+ Kf7 19.Qh5+ g6 20.Qh7+ Ke8 21.Qxg6+ Kd8 22.Rh7 exf4
23.Bf2 Qd6 24.Rd1 e5 25.Qg7 Qf6 26.Qg4 Qf5 27.Qg7 Qf6 28.Qg4 Qg5 29.Qe6 f3
30.g3 Nb8 31.Rxd5+ cxd5 32.Qxd5+ Nd7 33.h4 Qc1+ 34.Nd1 Bb7 35.Qxb7 Qxd1+
36.Kh2 Rc8  0-1

[Event "46th Capablanca Memorial Open A"]
[Site "Havana CUB"]
[Date "2010.05.15"]
[Round "5.10"]
[White "Luther,T"]
[Black "Leyva Rivera,Y"]
[Result "1-0"]
[WhiteElo "2525"]
[BlackElo "2382"]

1.e4 c5 2.Nf3 e6 3.d4 cxd4 4.Nxd4 Nc6 5.Nc3 Qc7 6.Be3 a6 7.Qd2 Nf6 8.f3 h5
9.O-O-O Be7 10.Kb1 b5 11.Bd3 Ne5 12.h3 Bb7 13.g4 d6 14.g5 Nfd7 15.f4 Nxd3
16.cxd3 Nc5 17.g6 b4 18.gxf7+ Kxf7 19.Nce2 a5 20.f5 e5 21.Ne6 Nxe6 22.fxe6+ Kxe6
23.Rc1 Qd8 24.Rhg1 Bf6 25.Ng3 g6 26.Qf2 Rc8 27.Bb6 Qe8 28.d4 Qb5 29.d5+ Ke7
30.Bc7 Rhf8 31.Qe3 h4 32.Qh6 Qd7 33.Nh5 gxh5 34.Rcf1 Qxc7 35.Rg7+ Ke8 36.Rxc7 Rxc7
37.Rxf6 Rxf6 38.Qxf6 Rd7 39.Qh8+ Ke7 40.Qxh5 Ba6 41.Qxh4+ Ke8 42.Qh8+ Ke7
43.Kc2 a4 44.Kd2 Bc4 45.a3 bxa3 46.bxa3 Bb3 47.h4 Rc7 48.Qg7+ Kd8 49.Qxc7+ Kxc7
50.h5  1-0

[Event "46th Capablanca Memorial Open A"]
[Site "Havana CUB"]
[Date "2010.05.15"]
[Round "5.23"]
[White "Garcia Pantoja,R"]
[Black "Castillo Coca,M"]
[Result "1-0"]
[WhiteElo "2411"]
[BlackElo "2087"]

1.e4 c5 2.Nf3 e6 3.d4 cxd4 4.Nxd4 Nc6 5.Nc3 Qc7 6.g3 Nf6 7.Ndb5 Qb8 8.Bf4 Ne5
9.Be2 a6 10.Qd4 d6 11.Rd1 Bd7 12.Nxd6+ Bxd6 13.Qxd6 Qxd6 14.Rxd6 Ng6 15.Be3 Rc8
16.f3 Ne5 17.O-O Nc4 18.Bxc4 Rxc4 19.Rfd1 Rc6 20.R6d2 Rc8 21.Bb6 O-O 22.Rxd7 Nxd7
23.Rxd7 Rb8 24.Kf2 Rfc8 25.Bc7 Ra8 26.Na4 Kf8 27.Nb6 Ke8 28.b4 a5 29.b5 a4
30.a3  1-0

[Event "Municipality Cup"]
[Site "Tbilisi GEO"]
[Date "2010.05.15"]
[Round "1"]
[White "Richet,V"]
[Black "Yegiazarian,A"]
[Result "0-1"]
[WhiteElo "1942"]
[BlackElo "2475"]

1.e4 c5 2.Nf3 e6 3.d4 cxd4 4.Nxd4 Nc6 5.Nc3 d6 6.Bc4 Nge7 7.O-O Nxd4 8.Qxd4 Nc6
9.Qe3 Be7 10.f4 O-O 11.f5 Bf6 12.Kh1 Re8 13.fxe6 Bxe6 14.Nd5 Be5 15.Qg5 Qxg5
16.Bxg5 Bxb2 17.Rab1 Be5 18.Rxb7 Na5 19.Rb4 Nxc4 20.Rxc4 Bxd5 21.exd5 Rac8
22.Rxc8 Rxc8 23.Rc1 Rc4 24.Be3 a5 25.g3 f5 26.Kg2 Kf7 27.Kf2 Kf6 28.Ke2 g5
29.Kd3 Rc3+ 30.Kd2 f4 31.gxf4 gxf4 32.Bg1 Kf5 33.Rb1 Ra3 34.Rb3 Rxa2 35.Rh3 Ke4
36.Rxh7 Kxd5 37.Rh3 Ke4 38.Rd3 d5 39.h4 d4 40.Bh2 Bg7 41.h5 f3 42.Rb3 Bh6+  0-1

[Event "TCh-UKR Clubs"]
[Site "Alushta UKR"]
[Date "2010.05.16"]
[Round "6"]
[White "Azarov,S"]
[Black "Savchenko,S"]
[Result "1/2-1/2"]
[WhiteElo "2609"]
[BlackElo "2553"]

1.e4 c5 2.Nf3 e6 3.d4 cxd4 4.Nxd4 Nc6 5.Nc3 a6 6.Be2 d6 7.O-O Nf6 8.Kh1 Be7
9.f4 O-O 10.Be3 Bd7 11.Qe1 b5 12.a3 Qb8 13.Bf3 Nxd4 14.Bxd4 e5 15.Be3 Be6
16.Qg3 Kh8 17.Rad1 Qc7 18.Rd2  1/2-1/2

[Event "ch-Commonwealth"]
[Site "Delhi IND"]
[Date "2010.05.17"]
[Round "10"]
[White "Abhishek,D"]
[Black "Khusnutdinov,R"]
[Result "0-1"]
[WhiteElo "2331"]
[BlackElo "2525"]

1.e4 c5 2.Nf3 e6 3.d4 cxd4 4.Nxd4 Nc6 5.Nc3 Qc7 6.Be2 Nf6 7.Be3 Be7 8.O-O d6
9.Kh1 O-O 10.f4 Nxd4 11.Qxd4 b6 12.Bf3 Bb7 13.Rad1 Rfd8 14.Qd2 Bc6 15.g4 d5
16.e5 Nxg4 17.Bxg4 d4+ 18.Kg1 dxe3 19.Qe2 Bc5 20.Bf3 Rxd1 21.Nxd1 Bb5 22.Qxb5 e2+
23.Kg2 exf1=Q+ 24.Qxf1 Rd8 25.Qe2 Rd4  0-1

[Event "4th All China Games Rapid"]
[Site "Hefei CHN"]
[Date "2010.05.17"]
[Round "2"]
[White "Yu Shaoteng"]
[Black "Wang Chen"]
[Result "1/2-1/2"]
[WhiteElo "2529"]
[BlackElo "2399"]

1.e4 c5 2.Nf3 e6 3.d4 cxd4 4.Nxd4 Nc6 5.Nc3 Qc7 6.Be2 a6 7.O-O Nf6 8.Kh1 Bb4
9.Nxc6 bxc6 10.f4 d5 11.e5 Bxc3 12.bxc3 Ne4 13.Bf3 O-O 14.Qe1 Bb7 15.c4 Rfd8
16.Ba3 c5 17.cxd5 exd5 18.c4 f5 19.exf6 Nxf6 20.Rb1 Re8 21.Qg3 Rab8 22.cxd5 Bxd5
23.Bxd5+ Nxd5 24.Bb2 Ne3 25.Rfc1 Nf5 26.Qf2 c4 27.Be5 Rxb1 28.Rxb1 Qc6 29.Kg1 Rd8
30.Qc2 Ne3 31.Qf2 Qe4 32.Re1 Rd1 33.Rxd1 Nxd1 34.Qd2 Qd3 35.Qe1 Ne3 36.h3 h5
37.Kh2 Nf1+ 38.Kg1 Ne3 39.Kh2 Nf1+ 40.Kg1 Ng3 41.Kh2 h4 42.Bxg7 Qe2 43.Bc3 Qxe1
44.Bxe1 Ne2 45.Bxh4 c3 46.f5 c2 47.Bg5 a5 48.g4 a4 49.a3 c1=Q 50.Bxc1 Nxc1
51.Kg2 Nd3 52.Kf3 Ne5+ 53.Ke4 Nc4 54.Kd4 Nxa3 55.Kc3 Nb5+ 56.Kb4 a3 57.Kb3 Kf7
58.Ka2  1/2-1/2

[Event "ch-USA"]
[Site "Saint Louis USA"]
[Date "2010.05.17"]
[Round "4"]
[White "Robson,R"]
[Black "Krush,I"]
[Result "1/2-1/2"]
[WhiteElo "2569"]
[BlackElo "2455"]

1.e4 c5 2.Nf3 e6 3.d4 cxd4 4.Nxd4 Nc6 5.Nc3 Qc7 6.Be3 a6 7.Qd2 Nf6 8.O-O-O Bb4
9.f3 Ne5 10.Nb3 b5 11.Kb1 Nc4 12.Bxc4 bxc4 13.Nc1 Rb8 14.Bf4 e5 15.Bg5 Qb6
16.N1e2 O-O 17.Bxf6 Ba3 18.b3 Qxf6 19.Nd5 Qd8 20.f4 exf4 21.Qxf4 Bb7 22.Rhf1 a5
23.Nec3 Bc6 24.Rd4 cxb3 25.axb3 Bb4 26.e5 Bxc3 27.Nxc3 Qe7 28.Kb2 Rbe8 29.Re1 f6
30.Nd5 Qc5 31.Red1 fxe5 32.Qg5 Rf2 33.Rc4 Qf8 34.Rg4 Kh8 35.Ne3 Qf6 36.Rd6 Qxg5
37.Rxg5 g6 38.h4 Kg7 39.Ng4 Rf5 40.Ne3 Rxg5 41.hxg5 h6 42.gxh6+ Kxh6 43.Kc3 Kg5
44.Kd2 Rf8 45.Ke2 Rf4 46.c3 Rf8 47.Ke1 Rb8 48.Nc4 Rxb3 49.Nxe5 Rxc3 50.Nxd7 Bxg2
51.Nf8 Be4 52.Nxg6 Bxg6 53.Rd5+ Kf4 54.Rxa5 Ke3 55.Kf1 Kf3 56.Ke1 Rc1+ 57.Kd2 Rc2+
58.Kd1 Bd3 59.Ra8 Rg2 60.Rh8 Ke3 61.Rh3+ Kd4 62.Rh8 Kc3 63.Rc8+ Bc4 64.Ke1 Re2+
65.Kd1 Re7 66.Rc5 Rf7 67.Re5 Kd3 68.Kc1 Ra7 69.Kb2 Ra2+ 70.Kb1 Rf2 71.Kc1 Kc3
72.Kd1 Bd3 73.Rc5+ Kd4 74.Rc8 Rb2 75.Kc1 Ra2 76.Kd1 Bc4 77.Re8 Kd3 78.Ke1 Bd5
79.Rd8 Ke4 80.Kd1 Ra5 81.Kd2 Rc5 82.Rd7 Kd4 83.Rd8 Ra5 84.Ke2 Ra2+ 85.Ke1 Ke4
86.Kd1 Bc4 87.Rd2 Ra3 88.Ke1 Bd3 89.Kf2 Kf4 90.Ke1 Kg3 91.Rb2 Kf3 92.Rf2+ Ke3
93.Re2+  1/2-1/2

[Event "TCh-UKR Clubs"]
[Site "Alushta UKR"]
[Date "2010.05.18"]
[Round "8"]
[White "Prokhorov,A2"]
[Black "Khachatryan,V2"]
[Result "1/2-1/2"]
[WhiteElo "2238"]
[BlackElo "2224"]

1.e4 c5 2.Ne2 Nc6 3.Nbc3 e6 4.d4 cxd4 5.Nxd4 Nf6 6.Nxc6 bxc6 7.Bd3 d5 8.O-O Be7
9.Qe2 O-O 10.b3 Nd7 11.Bb2 Nc5 12.Rfe1 Bf6 13.Nd1 a5 14.Bxf6 Qxf6 15.e5 Qf4
16.c3 a4 17.b4 Nxd3 18.Qxd3 a3 19.g3 Qg5 20.h4 Qe7 21.Ne3 c5 22.Rab1 Ba6
23.Qd2 Rfc8 24.bxc5 Qxc5 25.Rb3 Bc4 26.Rb4 Bb5 27.Reb1 Ba4 28.Qd4 Qxd4 29.cxd4 h5
30.f3 Rc3 31.Kf2 Bc2 32.Rb8+ Rxb8 33.Rxb8+ Kh7 34.Ke2 Bg6 35.Rb4 Kg8 36.Rb8+ Kh7
37.Rb4 Kg8  1/2-1/2

[Event "4th All China Games Rapid"]
[Site "Hefei CHN"]
[Date "2010.05.18"]
[Round "5"]
[White "Lin Chen"]
[Black "Liang Jinrong"]
[Result "1/2-1/2"]
[WhiteElo "2448"]
[BlackElo "2462"]

1.e4 c5 2.Nf3 e6 3.d4 cxd4 4.Nxd4 Nc6 5.Nc3 Qc7 6.g3 a6 7.Bg2 d6 8.O-O Bd7
9.Re1 Be7 10.Nxc6 Bxc6 11.Qg4 h5 12.Qe2 h4 13.a4 hxg3 14.hxg3 Nf6 15.Bg5 Rc8
16.Bxf6 Bxf6 17.Nd5 Bxd5 18.exd5 e5 19.c3 g6 20.a5 Bg7 21.Qg4 O-O 22.Ra4 Qd8  1/2-1/2

[Event "VIII World's Youth Stars"]
[Site "Kirishi RUS"]
[Date "2010.05.18"]
[Round "9"]
[White "Sethuraman,S"]
[Black "Ganichev,Alex"]
[Result "1-0"]
[WhiteElo "2493"]
[BlackElo "2126"]

1.e4 c5 2.Nf3 e6 3.d4 cxd4 4.Nxd4 Nc6 5.Nc3 d6 6.Be3 Nf6 7.f3 Be7 8.Qd2 a6
9.g4 O-O 10.O-O-O Nxd4 11.Qxd4 b5 12.g5 Nd7 13.h4 Qa5 14.Kb1 b4 15.Ne2 Nc5
16.Bd2 Qc7 17.Bxb4 Rb8 18.Qc3 Qb7 19.Bxc5 dxc5 20.Nf4 Re8 21.Bc4 Bf8 22.h5 Qc7
23.Nd3 Bd7 24.Ne5 Bc6 25.g6 fxg6 26.hxg6 h6 27.Nf7 Qb7 28.b3  1-0

[Event "ch-CAT"]
[Site "Sabadell ESP"]
[Date "2010.05.18"]
[Round "2.2"]
[White "Farran Martos,F"]
[Black "Fluvia Poyatos,Joa"]
[Result "1/2-1/2"]
[WhiteElo "2267"]
[BlackElo "2479"]

1.e4 c5 2.Nf3 e6 3.d4 cxd4 4.Nxd4 Nc6 5.Nc3 Qc7 6.Be3 a6 7.Qd2 Nf6 8.f3 Bb4
9.O-O-O Ne5 10.Nb3 b5 11.Qe1 Rb8 12.Qg3 Nh5 13.Qf2 O-O 14.Bc5 Bxc5 15.Qxc5 Qxc5
16.Nxc5 Rb6 17.a4 d6 18.Nb3 bxa4 19.Nxa4 Rb4 20.Rd4 Rxd4 21.Nxd4 Bb7 22.g3 g5
23.Be2 g4 24.Rd1 Nf6 25.f4 Ned7 26.e5 dxe5 27.fxe5 Nxe5 28.Nc5 Bf3 29.Nxf3 gxf3
30.Bxa6 Nd5 31.Nd3 Ng4 32.Bb7 Nxh2 33.Bxd5 exd5 34.Rh1 Ng4 35.Rf1 Re8 36.Rxf3 Re3
37.Rxe3 Nxe3 38.Nf4 Kf8 39.Kd2 Nf1+ 40.Kd3 Nxg3 41.Nxd5 h5 42.b4 Ke8 43.b5 Kd7
44.c4 h4 45.c5 h3 46.Nf6+ Kc8 47.Ng4 Nf1 48.Kd4 f5 49.Nf2 h2 50.c6 Nd2 51.b6 Kb8
52.Ke5 Nc4+  1/2-1/2

[Event "VIII World's Youth Stars"]
[Site "Kirishi RUS"]
[Date "2010.05.19"]
[Round "10"]
[White "Ganichev,Alex"]
[Black "Shimanov,A"]
[Result "0-1"]
[WhiteElo "2126"]
[BlackElo "2544"]

1.e4 c5 2.Nf3 Nc6 3.d4 cxd4 4.Nxd4 e6 5.Nc3 Qc7 6.f4 Nxd4 7.Qxd4 a6 8.Be3 b5
9.a3 Bb7 10.Be2 Rc8 11.O-O Bc5 12.Qxc5 Qxc5 13.Bxc5 Rxc5 14.Bf3 e5 15.fxe5 Ne7
16.Rad1 Ng6 17.Rf2 Nxe5 18.Na2 Rc4 19.Nb4 Ke7 20.Nd5+ Bxd5 21.Rxd5 f6 22.Rfd2 Rhc8
23.c3 g5 24.h3 R8c5 25.Rxc5 Rxc5 26.Be2 Nf7 27.Rd4 Re5 28.Bd3 Nd8 29.a4 Ne6
30.Rd5 bxa4 31.Rxe5 fxe5 32.Bxa6 Nc5 33.Bb5 Kd8 34.Kf1 Kc7 35.Ke2 Kb6 36.Bd3 Nxd3
37.Kxd3 Kc5 38.g3 Kb5 39.h4 gxh4 40.gxh4 h5  0-1

[Event "VIII World's Youth Stars"]
[Site "Kirishi RUS"]
[Date "2010.05.19"]
[Round "10"]
[White "Lintchevski,D"]
[Black "Sethuraman,S"]
[Result "1/2-1/2"]
[WhiteElo "2503"]
[BlackElo "2493"]

1.e4 c5 2.Nf3 e6 3.d4 cxd4 4.Nxd4 Nc6 5.Nc3 Qc7 6.Be2 a6 7.O-O Nf6 8.Be3 Be7
9.f4 d6 10.Kh1 O-O 11.Qe1 Na5 12.Rd1 b5 13.Bf3 Bb7 14.e5 Ne8 15.Bxb7 Qxb7
16.Bc1 Nc6 17.Nf3 Rc8 18.Qg3 b4 19.Ne2 f5 20.exf6 Bxf6 21.Ng5 Bxg5 22.fxg5 Rxf1+
23.Rxf1 Ne5 24.Qb3 Rc4 25.Ng3 Nc7 26.Bf4 Qc6 27.Bxe5 Rxc2 28.Rg1 dxe5 29.Qxb4 Nb5
30.Qe7 Qc8 31.h3 Rc7 32.Qb4 Rc4 33.Qe1 Qc5 34.Rf1 Qd5 35.Qe2 Rf4 36.Re1 e4
37.Nxe4 Nd4 38.Qe3 e5 39.Nc3 Qe6 40.Qxf4 exf4 41.Rxe6 Nxe6 42.Nd5 Kf7 43.Kg1 Kg6
44.b4 Kxg5 45.a4 Kf5 46.b5 axb5 47.axb5 Ke5 48.b6 Nc5 49.Nc7 g5 50.Ne8 Nb7
51.Kf2 Kf5 52.Ke2 h5 53.Ng7+ Kg6 54.Ne8 Kf5 55.Kd3 g4 56.h4 g3 57.Ng7+ Kg4
58.Ke2 f3+ 59.gxf3+ Kxh4 60.Kf1 Kg5 61.Kg2 h4 62.Ne6+ Kf5 63.Nd4+ Ke5 64.Ne2 Kd6
65.Kh3 Kc6 66.Kxh4 g2 67.Kg3 Kxb6 68.Kxg2 Kc6 69.Kg3 Kd6 70.Kf4 Ke6 71.Kg5 Nd6
72.Nd4+ Kf7 73.Nf5 Nc4 74.f4 Ke6 75.Nh6 Ne3 76.Kg6 Kd5 77.Kh5 Kd6 78.Kg5 Kd5
79.Ng4 Nc4 80.Kg6 Nd6 81.Nf2 Ke6 82.Nd3 Kd5 83.Kg5 Ke6 84.Ne5 Kd5 85.Ng4 Ke6
86.Ne3 Ne4+ 87.Kg6 Nd6 88.Nc4 Nxc4 89.f5+ Kd6 90.f6 Ne5+ 91.Kg7 Ke6 92.f7 Nxf7  1/2-1/2

[Event "4th All China Games Rapid"]
[Site "Hefei CHN"]
[Date "2010.05.20"]
[Round "10"]
[White "Gao Rui"]
[Black "Li Shilong"]
[Result "0-1"]
[WhiteElo "2464"]
[BlackElo "2514"]

1.e4 c5 2.Nf3 Nc6 3.Nc3 e6 4.d4 cxd4 5.Nxd4 Qc7 6.Be3 a6 7.Bd3 Nf6 8.O-O Nxd4
9.Bxd4 Bc5 10.Bxc5 Qxc5 11.Kh1 d6 12.f4 e5 13.Nd5 Nxd5 14.exd5 Qxd5 15.Qe1 O-O
16.Qh4 e4 17.Be2 Qc5 18.c3 Be6 19.Rad1 f5 20.Qe7 Bxa2 21.Rxd6 Rae8 22.Qd7 Bc4
23.Bxc4+ Qxc4 24.Re1 Qf7 25.Qa4 Re7 26.Qd4 Rfe8 27.Re3 h6 28.h3 Rc8 29.Rg3 Kh7
30.Rdg6 Rg8 31.Rd6 Rge8 32.Re3 Rc8 33.Rg3 Rcc7 34.Re3 Red7 35.Rxd7 Rxd7 36.Qe5 Qd5
37.Qe8 Rd8 38.Qe7 Qd6 39.Qxb7 Qxf4 40.Re1 Rd2 41.Rg1 e3 42.b4 e2 43.Qxa6 Qf2
44.Qa1 Qxg1+ 45.Kxg1 Rd1+ 46.Kf2 e1=Q+  0-1

[Event "4th All China Games Rapid"]
[Site "Hefei CHN"]
[Date "2010.05.20"]
[Round "10"]
[White "Wang Yu A"]
[Black "Liang Jinrong"]
[Result "1/2-1/2"]
[WhiteElo "2337"]
[BlackElo "2462"]

1.e4 c5 2.Nf3 e6 3.d4 cxd4 4.Nxd4 Nc6 5.Nc3 a6 6.Nxc6 bxc6 7.Bd3 d5 8.O-O Nf6
9.Qe2 Be7 10.b3 O-O 11.Bb2 Bb7 12.Rad1 Qc7 13.Na4 dxe4 14.Bxe4 Nxe4 15.Qxe4 c5
16.Qe5 Qxe5 17.Bxe5 Bc6 18.Nb6 Rad8 19.Bc7 Rxd1 20.Rxd1 f6 21.f3 Kf7 22.Kf2 e5
23.c4 Ke6  1/2-1/2

[Event "2nd SCS Open"]
[Site "Bhubaneswar IND"]
[Date "2010.05.22"]
[Round "2"]
[White "Hasan,Me"]
[Black "Ismagambetov,An"]
[Result "1-0"]
[WhiteElo "2287"]
[BlackElo "2524"]

1.e4 c5 2.Nf3 e6 3.d4 cxd4 4.Nxd4 Nc6 5.Nc3 Qc7 6.Be2 Nf6 7.O-O Be7 8.Be3 d6
9.f4 O-O 10.Kh1 Re8 11.Qe1 e5 12.Nxc6 bxc6 13.fxe5 dxe5 14.Qg3 Be6 15.Bh6 g6
16.Rf2 Nd7 17.Raf1 Bf8 18.Bxf8 Nxf8 19.Nd1 Qa5 20.Ne3 Qxa2 21.b3 Rad8 22.Qxe5 Qa3
23.Qc3 Nd7 24.Ng4 Bxg4 25.Rxf7 Ne5 26.Bc4 Kh8 27.Rf8+ Kg7 28.R8f7+ Kh6 29.Qe3+ g5
30.h4 Rg8 31.R1f6+  1-0

[Event "64th Open ch-Ontario"]
[Site "Toronto CAN"]
[Date "2010.05.22"]
[Round "1"]
[White "Smith,Bry"]
[Black "Barrios,F"]
[Result "1-0"]
[WhiteElo "2468"]
[BlackElo "2218"]

1.e4 c5 2.Nf3 e6 3.d4 cxd4 4.Nxd4 Nc6 5.Nc3 Qc7 6.Be3 Nf6 7.Bd3 a6 8.O-O Ne5
9.h3 Bc5 10.Kh1 d6 11.f4 Ng6 12.Qe1 O-O 13.f5 Ne5 14.Qh4 b5 15.Rf3 Nxf3 16.gxf3 Qb6
17.Rg1 Ne8 18.Rxg7+ Nxg7 19.f6 Bxd4 20.e5  1-0

[Event "2nd SCS Open"]
[Site "Bhubaneswar IND"]
[Date "2010.05.23"]
[Round "3"]
[White "Fenil,S"]
[Black "Pogorelov,R"]
[Result "1/2-1/2"]
[WhiteElo "2265"]
[BlackElo "2454"]

1.e4 c5 2.Nf3 Nc6 3.d4 cxd4 4.Nxd4 e6 5.Nc3 Qc7 6.Be3 a6 7.Bd3 Nf6 8.O-O Ne5
9.h3 d6 10.f4 Ng6 11.Kh1 Be7 12.Qf3 O-O 13.Rae1 e5 14.Nf5 exf4 15.Bxf4 Bxf5
16.exf5 Nxf4 17.Qxf4 Rac8 18.Qf3 d5 19.Nxd5 Nxd5 20.Qxd5 Bf6 21.b3 Rfd8 22.Qf3 b5
23.c4 Qa5 24.Qe2 h6 25.Rd1 Re8 26.Qg4 Re5 27.cxb5 axb5 28.a4 bxa4 29.Qxa4 Qc3
30.Bc4 Re3 31.Qd7 Rxc4 32.bxc4 Rxh3+ 33.gxh3 Qxh3+ 34.Kg1 Qg3+ 35.Kh1 Qh3+  1/2-1/2